Score 0/17 Timer 02:00
1 Play Today
Clue 4-Letter Word % Correct
• Wild canine that forms packs ••WOLF•
96.6%
Tiger Woods' gameGOLF
96.4%
A dog's barking soundWOOF
94.6%
Long-winged seabirdGULL
94.6%
A matador's foeBULL
93.7%
A massive bayGULF
93.1%
2009-16 CBS TV drama: 'The ___ Wife'GOOD
92.4%
A mistake or blunderGOOF
89%
An explosion, or the burst from a fired gunBANG
88.8%
Clue 4-Letter Word % Correct
• A dog's tooth ••FANG•
88.2%
Urge into actionGOAD
84.8%
College completist, for shortGRAD
83.5%
DepositoryBANK
82.6%
A large volume or a large quantityBULK
78.3%
Nonsense or a disappointing resultBUNK
75.1%
•Hold in hand••GRIP•
52.1%
A gratingGRID
51.7%

Today's Daily Dose

Word Ladder
Silence

Get the Picture
Philly Team Facts

You're not logged in!

Compare scores with friends on all Sporcle quizzes.
OR
Log In

Sporcle TV

Today on Sporcle TV


Watch our educational content, quiz creation guides, and fun videos on Sporcle TV.

Show Comments

Extras

Top Quizzes Today


Score Distribution

Your Account Isn't Verified!

In order to create a playlist on Sporcle, you need to verify the email address you used during registration. Go to your Sporcle Settings to finish the process.

Report this User

Report this user for behavior that violates our Community Guidelines.

Details: